| 000 | 00000nas 2200000zi 4500 |
| 001 | 9.837559 |
| 003 | CaOODSP |
| 005 | 20250815145045 |
| 006 | m o d f |
| 007 | cr cn |||||||| |
| 008 | 170601d20172022abcar p o f0 a0eng|d |
| 022 | |a2561-0996 |
| 040 | |aCaOODSP|beng|erda|cCaOODSP |
| 043 | |an-cn--- |
| 086 | 1 |aIu92-1/10E-PDF |
| 110 | 1 |aCanada. |bWestern Economic Diversification Canada, |eauthor, |eissuing body. |
| 222 | 0|aDepartmental results report |b(Canada. Western Economic Diversification Canada) |
| 245 | 10|aDepartmental results report / |cWestern Economic Diversification Canada. |
| 264 | 1|aEdmonton, Alberta : |bWestern Economic Diversification Canada, |c[2017-2022] |
| 310 | |aAnnual |
| 336 | |atext|btxt|2rdacontent |
| 337 | |acomputer|bc|2rdamedia |
| 338 | |aonline|bcr|2rdacarrier |
| 362 | 1 |aBegan with: 2016/2017; ceased with: 2021/2022. |
| 500 | |aIssued also in French under title: Rapport sur les résultats ministériels. |
| 588 | |aDescription based on: 2016/2017; title from PDF cover. |
| 588 | |aLatest issue consulted: 2021/2022. |
| 610 | 10|aCanada. |bWestern Economic Diversification Canada |xAppropriations and expenditures |vPeriodicals. |
| 650 | 0|aExpenditures, Public|vPeriodicals. |
| 655 | 7|aPeriodicals|2lcgft |
| 775 | 08|tRapport sur les résultats ministériels / |w(CaOODSP)9.837561 |
| 780 | 00|tDepartmental performance report |w(CaOODSP)9.506495 |
| 785 | 00|tDepartmental results report / |w(CaOODSP)9.927695 |
| 785 | 00|t... departmental results report / |w(CaOODSP)9.930525 |